000 00564nam a2200193Ia 4500
999 _c2698
_d2698
003 OSt
005 20200819114254.0
008 190216s9999||||xx |||||||||||||| ||und||
020 _a0070198578
040 _coclc
082 _a543.08
_bEWI/I
100 _aEwing, Galen W
_94214
245 0 _aInstrumental Methods Of Chemical Analysis /
_cGalen W Ewing
250 _a5th Ed.
260 _bMcGraw Hill Book Company,
_c1985.
_aNew York:
300 _a538p
650 _aChemistry-Chemistry
942 _cBK
_2ddc
_h543.08
_iEWI/I
_k543.08
_mEWI/I